Kálkulos sobre las kañerías de agua ... / (Registro nro. 164411)

Detalles MARC
000 -LEADER
campo de control de longitud fija 00680nam a2200193 i 4500
001 - NÚMERO DE CONTROL
campo de control 164411
003 - IDENTIFICADOR DE NÚMERO DE CONTROL
campo de control ES-MaACL
005 - FECHA Y HORA DE LA ÚLTIMA TRANSACCIÓN
campo de control 20250902233321.0
008 - DATOS DE LONGITUD FIJA--INFORMACIÓN GENERAL
campo de control de longitud fija 990225s1898 cl |||| | spa d
040 ## - FUENTE DE CATALOGACIÓN
Centro catalogador/agencia de origen CCPB | B
Lengua de catalogación spa
Centro/agencia transcriptor CCPB | B
100 1# - ENTRADA PRINCIPAL--NOMBRE DE PERSONA
Nombre de persona Salazar, A. E.
9 (RLIN) 101796
245 10 - MENCIÓN DEL TÍTULO
Título Kálkulos sobre las kañerías de agua ... /
Mención de responsabilidad, etc. por A. E. Salazar.
260 ## - PUBLICACIÓN, DISTRIBUCIÓN, ETC.
Lugar de publicación, distribución, etc. Santiago de Chile :
Nombre del editor, distribuidor, etc. Hume i K\pa\s, Aumada,
Fecha de publicación, distribución, etc. 1898.
300 ## - DESCRIPCIÓN FÍSICA
Extensión XIV, 246 p. ;
Dimensiones 22 cm.
500 ## - NOTA GENERAL
Nota general Se ha respetado la ortografía original.
650 #7 - PUNTO DE ACCESO ADICIONAL DE MATERIA--TÉRMINO DE MATERIA
Término de materia o nombre geográfico como elemento de entrada Ingeniería hidráulica
Fuente del encabezamiento o término embne
9 (RLIN) 136287
852 ## - LOCALIZACIÓN
Ubicación ES-MaACL
Número de control de estantería F-13527
Nota libre -- Enc. tela
Encuadernación -- Completar 260:(Imprenta Moderna)
Existencias
Estatus retirado Estado de pérdida Estado de daño No para préstamo Colección Biblioteca de origen Biblioteca actual Ubicación en estantería Fecha de adquisición Fuente de adquisición Total de préstamos Signatura topográfica completa Código de barras Visto por última vez Precio de reemplazo Tipo de ítem Koha
        Libros del s. XIX Biblioteca del Ateneo de Madrid Biblioteca del Ateneo de Madrid Sala Pecera Planta 2 17/01/2008     F-13527 1172329 23/02/2023 23/02/2023 Libro impreso antiguo